[Event "Regionalliga SO 1213"]
[Site "Bayern"]
[Date "2013.04.14"]
[Round "9.7"]
[White "Ott, Anton"]
[Black "Pohle, Reinhold"]
[Result "1/2-1/2"]
[WhiteElo "1854"]
[BlackElo "1868"]
[PlyCount "66"]
[EventDate "2012.10.14"]
[EventType "team-tourn"]
[EventRounds "9"]
[EventCountry "GER"]
[SourceTitle "EXT 2015"]
[Source "ChessBase"]
[SourceDate "2014.11.20"]
[SourceVersion "1"]
[SourceVersionDate "2014.11.20"]
[SourceQuality "1"]
[WhiteTeam "Roehrnbach"]
[BlackTeam "Starnberger See"]
[WhiteTeamCountry "GER"]
[BlackTeamCountry "GER"]

1. d4 d5 2. c4 e5 3. dxe5 d4 4. a3 Nc6 5. e3 dxe3 6. Qxd8+ Kxd8 7. Bxe3 Nxe5 8. Nc3 Be6 9. b3 c6 10. Bd4 Nd7 11. Ne4 f6 12. Nf3 Nh6 13. Be2 Nf5 14. Bb2 Nc5 15. Nfd2 Kc7 16. g4 Nxe4 17. Nxe4 Nh4 18. 0-0-0 Re8 19. Nc3 Ng6 20. h3 Bf7 21. Bd3 Ne5 22. Be4 Bg6 23. Rhe1 Bd6 24. Re2 Nd7 25. b4 Bf4+ 26. Kc2 Bxe4+ 27. Rxe4 Rxe4 28. Nxe4 h5 29. g5 Re8 30. Kd3 fxg5 31. Bxg7 Nb6 32. c5 Nd5 33. Nf6 Nxf6 1/2-1/2

[Event "Arber op 1st"]
[Site "Bayerisch Eisenstein"]
[Date "2012.08.22"]
[Round "5"]
[White "Ott, Anton"]
[Black "Medunova, Vera"]
[Result "0-1"]
[WhiteElo "1888"]
[BlackElo "2194"]
[PlyCount "52"]
[EventDate "2012.08.18"]
[EventType "swiss"]
[EventRounds "9"]
[EventCountry "GER"]
[SourceTitle "CBM 150 Extra"]
[Source "ChessBase"]
[SourceDate "2012.10.19"]
[SourceVersion "1"]
[SourceVersionDate "2012.10.19"]
[SourceQuality "1"]

1. e4 c5 2. Nf3 Nc6 3. Bb5 Qb6 4. Nc3 e6 5. 0-0 a6 6. Bxc6 Qxc6 7. d4 cxd4 8. Qxd4 b5 9. a3 Bb7 10. Rd1 f6 11. Be3 Ne7 12. Rac1 Rd8 13. Rd2 Nc8 14. Rcd1 Be7 15. Qd3 0-0 16. Nd4 Qc7 17. Qe2 b4 18. Nb1 bxa3 19. Nxa3 Bxa3 20. bxa3 Bxe4 21. Qxa6 e5 22. Nb5 Qc4 23. a4 Bxc2 24. Ra1 Be4 25. Rdd1 Bc6 26. Rac1 Qe4 0-1

[Event "Arber op 1st"]
[Site "Bayerisch Eisenstein"]
[Date "2012.08.18"]
[Round "1"]
[White "Petran, Peter"]
[Black "Ott, Anton"]
[Result "1-0"]
[WhiteElo "2223"]
[BlackElo "1888"]
[PlyCount "71"]
[EventDate "2012.08.18"]
[EventType "swiss"]
[EventRounds "9"]
[EventCountry "GER"]
[SourceTitle "CBM 150 Extra"]
[Source "ChessBase"]
[SourceDate "2012.10.19"]
[SourceVersion "1"]
[SourceVersionDate "2012.10.19"]
[SourceQuality "1"]

1. Nf3 c5 2. c4 e6 3. Nc3 b6 4. g3 Bb7 5. Bg2 Nf6 6. 0-0 Be7 7. b3 d6 8. Bb2 a6 9. e3 0-0 10. d4 Nbd7 11. Rc1 Rc8 12. d5 exd5 13. Nh4 Rb8 14. cxd5 Re8 15. e4 b5 16. Qd2 Nb6 17. Nf5 Bc8 18. Nxe7+ Rxe7 19. Rfe1 Qe8 20. Qf4 Qd8 21. e5 dxe5 22. Rxe5 Rxe5 23. Qxe5 Nbd7 24. Qf4 Bb7 25. Rd1 Qb6 26. Qf5 Rd8 27. Ne4 Nxd5 28. Rxd5 Bxd5 29. Qxd5 Nf8 30. Qxc5 Rd1+ 31. Bf1 Qd8 32. Qc2 Ne6 33. Kg2 Qd5 34. Be2 Re1 35. Bf3 Qd2 36. Qc3 1-0

[Event "Niederbayernliga 1112"]
[Site "Bayern"]
[Date "2011.??.??"]
[Round "4"]
[White "Denk, Tobias"]
[Black "Ott, Anton"]
[Result "1/2-1/2"]
[WhiteElo "1823"]
[BlackElo "2015"]
[PlyCount "47"]
[EventDate "2011.10.??"]
[EventType "team-tourn"]
[EventRounds "9"]
[EventCountry "GER"]
[SourceTitle "EXT 2023"]
[Source "ChessBase"]
[SourceDate "2022.10.05"]
[SourceVersion "1"]
[SourceVersionDate "2022.10.05"]
[SourceQuality "1"]
[WhiteTeam "Ergolding"]
[BlackTeam "Roehrnbach"]
[WhiteTeamCountry "GER"]
[BlackTeamCountry "GER"]

1. c4 Nf6 2. Nc3 c6 3. Nf3 d5 4. cxd5 cxd5 5. d4 Nc6 6. Bg5 e6 7. e3 Qb6 8. Rb1 Be7 9. a3 0-0 10. Bd3 h6 11. Bh4 a6 12. 0-0 Qd8 13. b4 b5 14. Rc1 Bb7 15. Bg3 Nh5 16. Ne2 Nxg3 17. Nxg3 Rc8 18. Nd2 Qd7 19. f4 f5 20. Nb3 Rc7 21. Bb1 Rfc8 22. Qh5 Qe8 23. Qxe8+ Rxe8 24. Nc5 1/2-1/2

[Event "Niederbayernliga 1011"]
[Site "Germany"]
[Date "2010.10.24"]
[Round "2.2"]
[White "Ott, Anton"]
[Black "Popp, Michael"]
[Result "0-1"]
[WhiteElo "1925"]
[BlackElo "2013"]
[PlyCount "72"]
[EventDate "2010.10.10"]
[EventType "team-tourn"]
[EventRounds "9"]
[EventCountry "GER"]
[SourceTitle "EXT 2012"]
[Source "ChessBase"]
[SourceDate "2011.11.24"]
[SourceVersion "1"]
[SourceVersionDate "2011.11.24"]
[SourceQuality "1"]
[WhiteTeam "Roehrnbach"]
[BlackTeam "Geiselhoering"]
[WhiteTeamCountry "GER"]
[BlackTeamCountry "GER"]

1. d4 d5 2. Nf3 Nf6 3. e3 g6 4. Nbd2 Bg7 5. Ne5 Nbd7 6. f4 0-0 7. Be2 Nxe5 8. fxe5 Nd7 9. 0-0 f6 10. exf6 exf6 11. e4 Nb6 12. c3 c6 13. Bd3 Be6 14. Nf3 Qd6 15. Re1 Bg4 16. a4 dxe4 17. Bxe4 Kh8 18. b3 Rfe8 19. Ba3 Qf4 20. Bc1 Qd6 21. Ba3 Qd7 22. a5 f5 23. Bc2 Nd5 24. Qd3 Bxf3 25. Qxf3 Nxc3 26. Kh1 Nb5 27. Bb2 Bxd4 28. Red1 c5 29. b4 Qc6 30. Qb3 Re2 31. Rg1 Qf6 32. Qc4 Bxb2 33. Qxe2 Nd4 34. Qc4 Bxa1 35. Rxa1 Nxc2 36. Rc1 Nxb4 0-1

[Event "Niederbayernliga 0708"]
[Site "Germany"]
[Date "2007.10.21"]
[Round "1.5"]
[White "Avdijaj, Avdullah"]
[Black "Ott, Anton"]
[Result "0-1"]
[WhiteElo "1707"]
[BlackElo "1849"]
[PlyCount "74"]
[EventDate "2007.10.21"]
[EventType "team"]
[EventRounds "9"]
[EventCountry "GER"]
[SourceTitle "EXT 2009"]
[Source "ChessBase"]
[SourceDate "2008.11.26"]
[SourceVersion "1"]
[SourceVersionDate "2008.11.26"]
[SourceQuality "1"]
[WhiteTeam "Schaibing"]
[BlackTeam "Waldkirchen Freyung"]
[WhiteTeamCountry "GER"]
[BlackTeamCountry "GER"]

1. e4 c5 2. c4 Nc6 3. Nf3 g6 4. Be2 Bg7 5. a3 d6 6. d3 Nf6 7. Nbd2 0-0 8. 0-0 Bd7 9. Rb1 a5 10. a4 e5 11. b3 Nh5 12. Ne1 Nf4 13. Nc2 Kh8 14. f3 Bh6 15. Rf2 Rg8 16. Nf1 g5 17. Ng3 Qf6 18. Be3 Qg6 19. Kh1 Bf8 20. Qd2 Be7 21. Rbf1 h5 22. Bd1 Kg7 23. Ne2 h4 24. Ng1 f6 25. h3 Kf7 26. Bxf4 gxf4 27. Be2 Nd8 28. Bd1 Ne6 29. Qe1 Ng7 30. Rd2 Nh5 31. Rff2 b6 32. Ne2 Rg7 33. Qf1 Ng3+ 34. Nxg3 hxg3 35. Rfe2 Rh7 36. Kg1 Rah8 37. Qe1 Bxh3 0-1

[Event "Niederbayernliga 0708"]
[Site "Germany"]
[Date "2007.01.20"]
[Round "5.4"]
[White "Ott, Anton"]
[Black "Putz, Ernst"]
[Result "1/2-1/2"]
[WhiteElo "1849"]
[BlackElo "1836"]
[PlyCount "33"]
[EventDate "2007.10.21"]
[EventType "team"]
[EventRounds "9"]
[EventCountry "GER"]
[SourceTitle "EXT 2009"]
[Source "ChessBase"]
[SourceDate "2008.11.26"]
[SourceVersion "1"]
[SourceVersionDate "2008.11.26"]
[SourceQuality "1"]
[WhiteTeam "Waldkirchen Freyung"]
[BlackTeam "Simbach"]
[WhiteTeamCountry "GER"]
[BlackTeamCountry "GER"]

1. Nf3 Nf6 2. c4 c5 3. g3 Nc6 4. Bg2 e5 5. 0-0 Be7 6. Nc3 d6 7. Ne1 0-0 8. Nc2 Be6 9. d3 Qd7 10. Re1 Bh3 11. Bh1 Ne8 12. Ne3 f5 13. Ned5 f4 14. a3 fxg3 15. hxg3 Nd4 16. Qa4 Qd8 17. Ne4 1/2-1/2

[Event "Niederbayernliga 0607"]
[Site "Germany"]
[Date "2007.??.??"]
[Round "7.6"]
[White "Ott, Anton"]
[Black "Mittermaier, Johann"]
[Result "1-0"]
[WhiteElo "1810"]
[BlackElo "1682"]
[PlyCount "21"]
[EventDate "2006.??.??"]
[EventType "team"]
[EventRounds "9"]
[EventCountry "GER"]
[SourceTitle "EXT 2008"]
[Source "ChessBase"]
[SourceDate "2007.11.25"]
[SourceVersion "1"]
[SourceVersionDate "2007.11.25"]
[SourceQuality "1"]
[WhiteTeam "Waldkirchen"]
[BlackTeam "Vilshofen"]
[WhiteTeamCountry "GER"]
[BlackTeamCountry "GER"]

1. e4 c5 2. Nf3 d6 3. d4 cxd4 4. Nxd4 Nf6 5. Nc3 g6 6. Be3 Bg7 7. Qd2 Ng4 8. Bg5 Qb6 9. Nb3 h6 10. Nd5 Qc6 11. Bb5 1-0